| 000 | 00688nam a2200217 a 4500 | ||
|---|---|---|---|
| 005 | 20240925065552.0 | ||
| 008 | 991125s1978 bar 000 0 spa u | ||
| 020 | _a8425409276 | ||
| 035 | _aUPN01000054500 | ||
| 049 | _aCG | ||
| 050 | 4 |
_aHM51 _bF5.88 1978 |
|
| 100 | 1 | _aFichter, Joseph H. | |
| 245 | 1 | 0 |
_aSociología / _cJoseph H. Fichter ; tr. Alejandro Esteban Lator Ros. |
| 260 |
_aBarcelona, Esp. : _bHerder, _c1978. |
||
| 300 | _a454 p. | ||
| 440 | 0 |
_aBiblioteca Herder ; _v55. _pSección ciencias sociales |
|
| 590 | _a(También localizas un ejemplar en el "Area de Reserva") | ||
| 590 | _aBibliografía Básica (BGTQ), 2010 | ||
| 650 | 4 |
_aSociología _95756 |
|
| 905 | _aLibro | ||
| 999 |
_c54500 _d54500 |
||